| 000 | 00672nam a2200205Ia 4500 | ||
|---|---|---|---|
| 005 | 20250508164549.0 | ||
| 008 | 008 250505s9999 xx 000 0 eng d | ||
| 037 | _aTextual | ||
| 040 |
_aFEDL _beng _cFEDL |
||
| 041 |
_aeng _2eng |
||
| 084 |
_a371.146, NCE _qFEDL |
||
| 245 | 0 | _aInservice teacher education package. 2 Vol. | |
| 245 | 0 | _cNational Council of Educational Research and Training | |
| 260 | _c1988 | ||
| 300 | _a264p. | ||
| 365 |
_aINR _b11.5 |
||
| 546 | _aV.1 For Primary school teachers; V.2 For Upper primary and secondary school teachers; 083453 - 456 are MACESE books | ||
| 942 |
_cTEXL _h371.146, NCE |
||
| 999 |
_c1389829 _d1389829 |
||